Statistics for WWE A-Z

Click here to take the quiz!

General Stats

  • This quiz has been taken 21 times
    (12 since last reset)
  • The average score is 7 of 86

Answer Stats

hintsAnswer% Correct
seth rollins
50%
roman reigns
40%
triple h
40%
aj styles
30%
dean ambrose
30%
edge
30%
bayley
20%
guess the superstarsdrew mcintyre
20%
goldberg
20%
hulk hogan
20%
kane
20%
matt riddle
20%
mvp
20%
otis
20%
randy orton
20%
shawn michaels
20%
Tamina
20%
undertaker
20%
alexa bliss
10%
angelo dawkins
10%
asuka
10%
batista
10%
big e
10%
big show
10%
bobby fish
10%
bobby lashley
10%
bret hart
10%
charlotte flair
10%
christian
10%
daniel bryan
10%
jeff hardy
10%
jey uso
10%
jimmy uso
10%
kalisto
10%
kevin owens
10%
kofi kingston
10%
lince dorado
10%
liv morgan
10%
mark henry
10%
nia jax
10%
sami zayn
10%
sasha banks
10%
walter
10%
xavier woods
10%
zack ryder
10%
adam cole
0%
aleister black
0%
becky lynch
0%
bianca belair
0%
braun strowman
0%
bray wyatt
0%
carmella
0%
cedric alexander
0%
cesaro
0%
damian priest
0%
dana brooke
0%
dominik mysterio
0%
ec3
0%
elias
0%
erik
0%
finn balor
0%
gran metalik
0%
io shirai
0%
ivar
0%
john morrison
0%
johnny gargano
0%
keith lee
0%
lita
0%
mandy rose
0%
matt hardy
0%
montiz ford
0%
murphy
0%
neville
0%
nikki bella
0%
paul wight
0%
qenaan creed
0%
rey mysterio
0%
ricochet
0%
shayna baszler
0%
sheamus
0%
shelton benjamin
0%
shinsuke nakamora
0%
the miz
0%
tucker
0%
vader
0%
wade barrett
0%

Score Distribution

Percentile by Number Answered

Percent of People with Each Score

Your Score History

You have not taken this quiz since the last reset